[Event "SF Lieme 1 - SG Niederkassel 1"]
[Site "NRW-Klasse, Gruppe 2 2015/201"]
[Date "2016.01.10"]
[Round "5.8"]
[White "Essing, Arnold"]
[Black "Freundlieb, Thomas"]
[Result "1/2-1/2"]
[WhiteElo "2201"]
[BlackElo "1957"]
[PlyCount "154"]
[EventDate "2016.??.??"]
[WhiteTeam "SF Lieme 1"]
[BlackTeam "SG Niederkassel 1"]

1. d4 d6 2. Nf3 Bg4 3. c4 g6 4. Qb3 Bxf3 5. Qxf3 c6 6. Qb3 Nd7 7. Qxb7 Bg7 8.
Qxc6 Bxd4 9. e3 Bg7 10. Nc3 Bxc3+ 11. bxc3 Ngf6 12. Be2 O-O 13. Qa4 Qc7 14. O-O
Nb6 15. Qb3 Rac8 16. Rb1 Nfd7 17. Ba3 Nc5 18. Qc2 Rb8 19. Bxc5 Qxc5 20. Rb5 Qc7
21. Rfb1 Nd7 22. Qb2 Rb6 23. a4 Rfb8 24. a5 Rxb5 25. cxb5 Qxa5 26. Ra1 Qc7 27.
Qa3 Rb7 28. h4 Qc5 29. Qa5 Rc7 30. Ra3 Nb6 31. h5 gxh5 32. Rb3 Kh8 33. Qa1 Nc4
34. Rb4 Ne5 35. Ra4 Ng4 36. c4+ Qe5 37. Qxe5+ Nxe5 38. Bxh5 Kg7 39. Be2 Kf6 40.
Kf1 Nd7 41. Ke1 Nc5 42. Ra3 h6 43. f3 Nd7 44. Kd2 Nb6 45. Rc3 Na4 46. Rc2 Nb6
47. e4 Nd7 48. Ke3 Ne5 49. Rc1 Nd7 50. Kd4 Kg6 51. Rh1 Nc5 52. f4 Ne6+ 53. Ke3
Nc5 54. Rh3 Nd7 55. Rg3+ Kf6 56. Rg8 e5 57. fxe5+ dxe5 58. Kd2 Nc5 59. Bf3 Nb3+
60. Kc3 Nd4 61. Rb8 Kg5 62. Bd1 f5 63. exf5 Kxf5 64. Rf8+ Ke4 65. Ba4 Ke3 66.
Rh8 Nf5 67. Kb4 Kd3 68. c5 e4 69. Rd8+ Nd4 70. c6 Ke3 71. Kc4 Ne6 72. Rh8 Kf2
73. Rxh6 Re7 74. Kd5 Nc7+ 75. Kd6 Rf7 76. Bb3 Nxb5+ 77. Ke6 Rc7 1/2-1/2

[Event "SG Ennepe-Ruhr-Süd 1 - SC Hansa Dortmun"]
[Site "NRW-Klasse, Gruppe 2 2015/201"]
[Date "2016.01.10"]
[Round "5.1"]
[White "Wegener, Olaf"]
[Black "Lupor, Stefan"]
[Result "0-1"]
[WhiteElo "2428"]
[BlackElo "2234"]
[PlyCount "56"]
[EventDate "2016.??.??"]
[WhiteTeam "SC Hansa Dortmund 2"]
[BlackTeam "SG Ennepe-Ruhr-Süd 1"]

1. e4 e5 2. Nf3 Nc6 3. Bb5 a6 4. Ba4 Nf6 5. O-O Nxe4 6. d4 b5 7. Bb3 d5 8. dxe5
Be6 9. Nbd2 Nc5 10. c3 Be7 11. Bc2 d4 12. Nb3 d3 13. Bb1 Nxb3 14. axb3 Bf5 15.
b4 O-O 16. Re1 Qd7 17. Bg5 Bxg5 18. Nxg5 h6 19. Nf3 Rfd8 20. Re3 a5 21. bxa5
Rxa5 22. Rxa5 Nxa5 23. Nd4 Bh7 24. b3 b4 25. cxb4 Qxd4 26. bxa5 Qa1 27. b4 Bg6
28. Kf1 d2 0-1

[Event "SG Ennepe-Ruhr-Süd 1 - SC Hansa Dortmun"]
[Site "NRW-Klasse, Gruppe 2 2015/201"]
[Date "2016.01.10"]
[Round "5.2"]
[White "Lupor, André"]
[Black "Schmittdiel, Eckhard"]
[Result "0-1"]
[WhiteElo "2160"]
[BlackElo "2354"]
[PlyCount "108"]
[EventDate "2016.??.??"]
[WhiteTeam "SG Ennepe-Ruhr-Süd 1"]
[BlackTeam "SC Hansa Dortmund 2"]

1. d4 c5 2. d5 g6 3. c4 Bg7 4. e4 d6 5. Nf3 Nf6 6. Nc3 O-O 7. Bd3 Na6 8. O-O
Nc7 9. Re1 a6 10. a4 Rb8 11. h3 e6 12. Bg5 h6 13. Be3 exd5 14. exd5 b5 15. axb5
axb5 16. b3 bxc4 17. bxc4 Na6 18. Rc1 Nb4 19. Bf1 g5 20. h4 g4 21. Nh2 Bf5 22.
Be2 Qd7 23. Nf1 h5 24. Ng3 Bg6 25. Qd2 Rfe8 26. Rf1 Ra8 27. Bf4 Ra3 28. Rfe1
Rea8 29. Bf1 Kh7 30. Qd1 Rxc3 31. Rxc3 Nfxd5 32. cxd5 Bxc3 33. Re2 Ra1 34. Qb3
Bd4 35. Rd2 Rb1 36. Qa3 Nxd5 37. Bg5 f6 38. Rxd4 cxd4 39. Bd2 f5 40. Qa2 f4 41.
Nxh5 Rxf1+ 42. Kxf1 Qb5+ 43. Kg1 Bxh5 44. Qa7+ Kg6 45. Qxd4 Qb1+ 46. Kh2 Qf5
47. g3 fxg3+ 48. fxg3 Qf3 49. Bg5 Kf5 50. Qd2 Ke6 51. Qc2 Nc3 52. Qb3+ Kd7 53.
Qa3 Qf2+ 54. Kh1 Bf7 0-1

[Event "SG Ennepe-Ruhr-Süd 1 - SC Hansa Dortmun"]
[Site "NRW-Klasse, Gruppe 2 2015/201"]
[Date "2016.01.10"]
[Round "5.3"]
[White "Schroeder, Kevin"]
[Black "Tripolsky, Eugen"]
[Result "0-1"]
[WhiteElo "2251"]
[BlackElo "2207"]
[PlyCount "78"]
[EventDate "2016.??.??"]
[WhiteTeam "SC Hansa Dortmund 2"]
[BlackTeam "SG Ennepe-Ruhr-Süd 1"]

1. e4 d6 2. g3 Nf6 3. Bg2 g6 4. Nc3 Bg7 5. d4 O-O 6. Nge2 Nc6 7. O-O e5 8. h3
exd4 9. Nxd4 Nxe4 10. Nxc6 Nxc3 11. Nxd8 Nxd1 12. Nxb7 Bxb7 13. Bxb7 Rab8 14.
Rxd1 Rxb7 15. Rb1 Re8 16. Kf1 f5 17. b3 Kf7 18. Be3 Re4 19. c4 a5 20. Rbc1 Be5
21. Rd5 a4 22. bxa4 Rb2 23. Rb5 Rxa2 24. Rb7 Bxg3 25. Rxc7+ Kf6 26. Rd1 Be5 27.
Rxh7 Rxc4 28. Bb6 f4 29. a5 Kf5 30. Kg2 Ke4 31. Re1+ Kd3 32. Rd7 Re4 33. Rxe4
Kxe4 34. Rf7 g5 35. Rf8 Ra3 36. f3+ Kd3 37. Rf5 Ke2 38. Rxg5 Rxf3 39. Kg1 Rf1+
0-1

[Event "SG Ennepe-Ruhr-Süd 1 - SC Hansa Dortmun"]
[Site "NRW-Klasse, Gruppe 2 2015/201"]
[Date "2016.01.10"]
[Round "5.4"]
[White "Arndt, Stefan"]
[Black "Kotter, Ralf"]
[Result "1/2-1/2"]
[WhiteElo "2140"]
[BlackElo "2266"]
[PlyCount "119"]
[EventDate "2016.??.??"]
[WhiteTeam "SG Ennepe-Ruhr-Süd 1"]
[BlackTeam "SC Hansa Dortmund 2"]

1. e4 c5 2. c3 Nf6 3. e5 Nd5 4. d4 cxd4 5. Nf3 e6 6. cxd4 d6 7. Bc4 Nc6 8. exd6
Bxd6 9. O-O O-O 10. Nc3 Nxc3 11. bxc3 e5 12. dxe5 Nxe5 13. Nxe5 Bxe5 14. Bxf7+
Kh8 15. Qxd8 Rxd8 16. Be3 b6 17. Rad1 Ba6 18. c4 Rf8 19. Bd5 Rac8 20. Rc1 Bd6
21. a4 Bc5 22. Bxc5 Rxc5 23. Rfd1 g6 24. f3 Rfc8 25. Rd4 Ra5 26. Re1 Rc7 27.
Rde4 Rac5 28. Re8+ Kg7 29. R8e7+ Kf8 30. Re8+ Kg7 31. R8e7+ Kf8 32. Rxc7 Rxc7
33. Re4 Bc8 34. g4 Bd7 35. Rf4+ Ke7 36. Rf7+ Kd6 37. Rxh7 Bxa4 38. Rxc7 Kxc7
39. h4 Be8 40. Kf2 Kd6 41. Ke3 a5 42. Kd4 a4 43. f4 a3 44. Kc3 b5 45. Kb3 Kc5
46. Kxa3 bxc4 47. Be4 Kd4 48. Bb1 Ke3 49. f5 gxf5 50. Bxf5 Kf4 51. Be6 Bg6 52.
Kb4 Bd3 53. h5 Kg5 54. Bxc4 Be4 55. Be2 Bf5 56. h6 Bh7 57. Kc5 Kxh6 58. Kd6 Kg5
59. Ke5 Bc2 60. Bf3 1/2-1/2

[Event "SG Ennepe-Ruhr-Süd 1 - SC Hansa Dortmun"]
[Site "NRW-Klasse, Gruppe 2 2015/201"]
[Date "2016.01.10"]
[Round "5.5"]
[White "Sundorf, Jannik"]
[Black "Bruchmann, Norbert"]
[Result "1-0"]
[WhiteElo "2099"]
[BlackElo "2046"]
[PlyCount "127"]
[EventDate "2016.??.??"]
[WhiteTeam "SC Hansa Dortmund 2"]
[BlackTeam "SG Ennepe-Ruhr-Süd 1"]

1. d4 e6 2. c4 Nf6 3. g3 c5 4. d5 exd5 5. cxd5 d6 6. Nc3 g6 7. Bg2 Bg7 8. Nf3
O-O 9. O-O Re8 10. Nd2 b6 11. h3 Ba6 12. a4 Qe7 13. Nb5 Bxb5 14. axb5 Nbd7 15.
e4 a6 16. Rxa6 Rxa6 17. bxa6 b5 18. Qb3 b4 19. Nc4 Ra8 20. Qa4 Nb8 21. e5 Rxa6
22. exf6 Bxf6 23. Qb5 Qa7 24. Qe8+ Kg7 25. Bf4 Qc7 26. Qe3 h5 27. Bh6+ Kh7 28.
Bg5 Nd7 29. Bxf6 Nxf6 30. Re1 Kg7 31. Qe7 Qxe7 32. Rxe7 Ra1+ 33. Bf1 Kf8 34.
Re2 Nxd5 35. Rd2 Nc3 36. bxc3 bxc3 37. Rc2 d5 38. Rxc3 dxc4 39. Rxc4 Ra5 40. h4
Ke7 41. Rf4 f5 42. Rc4 Kd6 43. Kg2 Ra3 44. Rc2 Ra1 45. Bc4 Ke5 46. Re2+ Kd4 47.
Bf7 c4 48. Rd2+ Kc3 49. Rd7 Ra5 50. Rc7 Ra4 51. Kf3 Ra3 52. Rxc4+ Kd2+ 53. Kg2
Ra6 54. Rf4 Rf6 55. Bxg6 Rxg6 56. Rxf5 Rh6 57. Kf3 Kd3 58. Rd5+ Kc4 59. Rd8
Rf6+ 60. Ke3 Rf5 61. f3 Ra5 62. Kf4 Rb5 63. g4 hxg4 64. fxg4 1-0

[Event "SG Ennepe-Ruhr-Süd 1 - SC Hansa Dortmun"]
[Site "NRW-Klasse, Gruppe 2 2015/201"]
[Date "2016.01.10"]
[Round "5.6"]
[White "Osswald, Luis Monty"]
[Black "Babar, Michael"]
[Result "1/2-1/2"]
[WhiteElo "2014"]
[BlackElo "2079"]
[PlyCount "55"]
[EventDate "2016.??.??"]
[WhiteTeam "SG Ennepe-Ruhr-Süd 1"]
[BlackTeam "SC Hansa Dortmund 2"]

1. e4 c5 2. Nf3 Nc6 3. d4 cxd4 4. Nxd4 g6 5. Nc3 Bg7 6. Be3 Nf6 7. Bc4 O-O 8.
Bb3 d6 9. h3 Bd7 10. O-O Nxd4 11. Bxd4 Bc6 12. f4 Qa5 13. e5 Ne8 14. Qe1 Qc7
15. Rd1 Rd8 16. Qf2 b6 17. a4 Qb7 18. Be3 e6 19. Rd2 Rd7 20. Bd4 d5 21. a5 bxa5
22. Ra1 Nc7 23. Rxa5 a6 24. Ba4 Nb5 25. Bxb5 Bxb5 26. Rd1 Rc8 27. Rda1 Bf8 28.
Nxb5 1/2-1/2

[Event "SG Ennepe-Ruhr-Süd 1 - SC Hansa Dortmun"]
[Site "NRW-Klasse, Gruppe 2 2015/201"]
[Date "2016.01.10"]
[Round "5.7"]
[White "Berndt, Joachim"]
[Black "Heller, Achim"]
[Result "1/2-1/2"]
[WhiteElo "2073"]
[BlackElo "1907"]
[PlyCount "132"]
[EventDate "2016.??.??"]
[WhiteTeam "SC Hansa Dortmund 2"]
[BlackTeam "SG Ennepe-Ruhr-Süd 1"]

1. Nf3 d5 2. g3 Nf6 3. Bg2 c6 4. O-O Nbd7 5. d3 e5 6. Nbd2 Bd6 7. e4 d4 8. Nc4
Bc7 9. a4 b5 10. axb5 cxb5 11. Na3 Rb8 12. b4 Nf8 13. Bd2 Bg4 14. c3 dxc3 15.
Bxc3 Ne6 16. Nc2 Rb7 17. h3 Bxf3 18. Qxf3 Nd7 19. d4 O-O 20. d5 Ng5 21. Qd3 f6
22. d6 Nb6 23. Rfd1 Bxd6 24. Ne3 Rd7 25. Qxb5 Bb8 26. h4 Nf7 27. Bh3 Rxd1+ 28.
Rxd1 Qc7 29. Qc5 Na4 30. Qxc7 Bxc7 31. Be1 Nb6 32. Rc1 Bb8 33. Be6 Re8 34. Rc6
g6 35. b5 Kg7 36. Bxf7 Kxf7 37. Ba5 Re6 38. Bxb6 axb6 39. Nd5 f5 40. exf5 gxf5
41. Rxe6 Kxe6 42. Nxb6 Kd6 43. Kg2 h5 44. Nc4+ Kd5 45. Ne3+ Ke4 46. b6 f4 47.
Nc2 fxg3 48. Kxg3 Kd5 49. Kf3 Kc6 50. Ke4 Kxb6 51. Kf5 Kc5 52. Kg5 Kc4 53. Kxh5
Kd3 54. Ne3 Ke2 55. Ng4 e4 56. Kg5 Kf3 57. h5 Bf4+ 58. Kf5 Bc1 59. Ne5+ Kxf2
60. Kxe4 Kg3 61. Kf5 Bh6 62. Nf7 Kh4 63. Kg6 Bc1 64. Nh6 Bd2 65. Nf5+ Kg4 66.
h6 Bxh6 1/2-1/2

[Event "SG Ennepe-Ruhr-Süd 1 - SC Hansa Dortmun"]
[Site "NRW-Klasse, Gruppe 2 2015/201"]
[Date "2016.01.10"]
[Round "5.8"]
[White "Garweg, Udo"]
[Black "Prueske, Wolfgang"]
[Result "1/2-1/2"]
[WhiteElo "1941"]
[BlackElo "2035"]
[Annotator "Hausrath,Daniel"]
[PlyCount "66"]
[EventDate "2016.??.??"]
[WhiteTeam "SG Ennepe-Ruhr-Süd 1"]
[BlackTeam "SC Hansa Dortmund 2"]

1. e4 c6 2. Nc3 d5 3. Nf3 Bg4 4. h3 Bxf3 5. Qxf3 e6 6. d4 dxe4 7. Qxe4 Nf6 8.
Qd3 Bd6 9. Be2 Nbd7 10. Bf3 O-O 11. O-O e5 12. Be3 exd4 13. Bxd4 Ne5 14. Bxe5
Bxe5 15. Rfd1 Qa5 16. Qc4 $11 Rad8 17. Qb3 Qc7 18. Ne2 Rxd1+ 19. Rxd1 Rd8 20.
c3 g6 21. Qc2 Bh2+ 22. Kf1 Bd6 23. Rd3 Bc5 24. Rxd8+ Qxd8 25. g3 Qd7 26. Kg2
Nd5 27. a3 Qe6 28. Qe4 Qxe4 29. Bxe4 Nf6 30. Bf3 Kf8 31. Nc1 Ke7 32. Nd3 Bd6
33. Kf1 Nd7 1/2-1/2

[Event "SG Porz 2 - Düsseldorfer SK 1"]
[Site "Oberliga NRW 2015/2016"]
[Date "2016.02.14"]
[Round "6.1"]
[White "Coenen, Michael"]
[Black "Bok, Benjamin"]
[Result "0-1"]
[WhiteElo "2372"]
[BlackElo "2617"]
[Annotator "Hausrath,Daniel"]
[PlyCount "78"]
[EventDate "2016.??.??"]
[WhiteTeam "Düsseldorfer SK 1"]
[BlackTeam "SG Porz 2"]

1. d4 Nf6 2. c4 e6 3. Nf3 d5 4. Nc3 c6 5. Bg5 h6 6. Bxf6 Qxf6 7. e3 g6 8. Rc1
Nd7 9. cxd5 exd5 10. Bd3 Bg7 11. O-O O-O 12. b4 a6 13. a4 Qd6 14. Qb3 Nb6 15.
a5 Nd7 16. e4 dxe4 17. Nxe4 Qf4 18. Rfe1 Nf6 19. Nxf6+ Qxf6 20. Bc4 $11 Bf5 21.
d5 Rac8 22. dxc6 Rxc6 23. Bd5 Rxc1 24. Rxc1 Rc8 25. Re1 Rc7 26. h3 Bf8 27. b5
Bc2 28. Qa2 axb5 29. Re8 b4 30. Ne5 Kg7 31. Qb2 Bc5 32. Kh1 Qxf2 33. Nf3+ f6
34. Rg8+ Kh7 35. Qxf6 Qf1+ 36. Kh2 Bg1+ 37. Kg3 Qf2+ 38. Kf4 Bh2+ 39. g3 Bxg3+
0-1

[Event "SG Porz 2 - Düsseldorfer SK 1"]
[Site "Oberliga NRW 2015/2016"]
[Date "2016.02.14"]
[Round "6.3"]
[White "de Gleria, Francesco"]
[Black "Korotkjevich, Stanislav"]
[Result "1/2-1/2"]
[WhiteElo "2346"]
[BlackElo "2333"]
[Annotator "Hausrath,Daniel"]
[PlyCount "74"]
[EventDate "2016.??.??"]
[WhiteTeam "Düsseldorfer SK 1"]
[BlackTeam "SG Porz 2"]

1. e4 c5 2. Nf3 d6 3. d4 Nf6 4. Nc3 cxd4 5. Nxd4 Nc6 6. Bg5 e6 7. Qd2 a6 8.
O-O-O Bd7 9. f4 h6 10. Bxf6 Qxf6 11. Nxc6 Bxc6 12. Bd3 Be7 13. Rhf1 Rc8 14. Ne2
h5 15. Qe3 h4 16. Nd4 Bd7 $11 17. Nf3 Qh6 18. Kb1 Bc6 19. g4 hxg3 20. hxg3 Qh5
21. e5 Bxf3 22. Rxf3 dxe5 23. fxe5 Rc5 24. Qe4 Rd5 25. Re1 Rxe5 26. Qxe5 Qxf3
27. Be4 Qf2 28. Bxb7 Bd6 29. Bc6+ Ke7 30. Qg5+ Qf6 31. Qe3 Rb8 32. c3 Qg6+ 33.
Be4 Qxg3 34. Qa7+ Bc7 35. Qc5+ Bd6 36. Qa7+ Bc7 37. Qc5+ Bd6 1/2-1/2

[Event "SG Porz 2 - Düsseldorfer SK 1"]
[Site "Oberliga NRW 2015/2016"]
[Date "2016.02.14"]
[Round "6.5"]
[White "Schuh, Dirk"]
[Black "Gallinnis, Norbert"]
[Result "1-0"]
[WhiteElo "2327"]
[BlackElo "2212"]
[PlyCount "145"]
[EventDate "2016.??.??"]
[WhiteTeam "Düsseldorfer SK 1"]
[BlackTeam "SG Porz 2"]

1. Nf3 Nf6 2. g3 c5 3. Bg2 e6 4. O-O Be7 5. c4 O-O 6. Nc3 d6 7. d4 cxd4 8. Nxd4
a6 9. b3 Qc7 10. Bb2 Nbd7 11. Rc1 Ne5 12. h3 Bd7 13. Qd2 Rac8 14. f4 Ng6 15. e3
Qb8 16. Qe2 Rfd8 17. g4 h6 18. Rf2 Nh4 19. Bh1 Be8 20. Rff1 d5 21. Qf2 g5 22.
cxd5 exd5 23. Nce2 Rxc1 24. Rxc1 Rc8 25. Rf1 Bd7 26. fxg5 hxg5 27. Bxd5 Qc7 28.
Ng3 Rf8 29. Bh1 Bxg4 30. hxg4 Nxg4 31. Qe1 Bb4 32. Ne6 Bxe1 33. Nxc7 Bxg3 34.
Rc1 Bf2+ 35. Kf1 Bxe3 36. Rc4 f5 37. Ne6 Bf4 38. Rxf4 gxf4 39. Nxf8 Kxf8 40.
Bxb7 f3 41. Ba3+ Kf7 42. Bxa6 Ke6 43. Bb7 Ke5 44. Bc1 f4 45. a4 Ne3+ 46. Kg1
Nd1 47. Bc8 f2+ 48. Kf1 Nf3 49. Bh3 Ng1 50. Bc8 f3 51. Ba6 Nh3 52. Bb7 Ng1 53.
Ba6 Kd4 54. a5 Kc5 55. Bc4 Nh3 56. Be6 Ng1 57. Bc4 Nh3 58. Bd3 Ng1 59. Bc2 Nc3
60. Kxf2 Nge2 61. Bd2 Nd4 62. Be3 Ncb5 63. a6 Kb6 64. Bd3 Kc7 65. b4 Kb8 66.
Kg3 Ka8 67. Kf4 Ne6+ 68. Kxf3 Nec7 69. Bc5 Kb8 70. Kg4 Nc3 71. a7+ Kb7 72. Bf1
Ne4 73. Bg2 1-0

[Event "SG Porz 2 - Düsseldorfer SK 1"]
[Site "Oberliga NRW 2015/2016"]
[Date "2016.02.14"]
[Round "6.6"]
[White "Wagenknecht, Uwe"]
[Black "Miedema, David"]
[Result "1-0"]
[WhiteElo "2161"]
[BlackElo "2357"]
[PlyCount "84"]
[EventDate "2016.??.??"]
[WhiteTeam "SG Porz 2"]
[BlackTeam "Düsseldorfer SK 1"]

1. Nf3 Nf6 2. c4 b6 3. g3 Bb7 4. Bg2 e5 5. Nc3 Bb4 6. O-O e4 7. Nd4 O-O 8. Nc2
Bxc3 9. dxc3 h6 10. Ne3 Nc6 11. Nd5 Ne5 12. Bf4 d6 13. b3 Re8 14. Qd4 c5 15.
Qd2 Nxd5 16. cxd5 Ng6 17. Be3 Re5 18. c4 b5 19. cxb5 Qd7 20. b4 Rxd5 21. Qc2
cxb4 22. b6 axb6 23. Qxe4 b3 24. Qc4 Ne5 25. Qxb3 Rb5 26. Qd1 Bxg2 27. Kxg2 Ng4
28. Qd4 Rh5 29. h4 Ra4 30. Qd2 Nh2 31. Rh1 Raxh4 32. f3 Rh3 33. Bf4 g5 34. Bxd6
g4 35. Bf4 Rd5 36. Qe3 Rhh5 37. Rxh2 Rxh2+ 38. Kxh2 Rh5+ 39. Kg2 gxf3+ 40. Qxf3
Qh3+ 41. Kf2 Kg7 42. Rc1 Rb5 1-0

[Event "SG Porz 2 - Düsseldorfer SK 1"]
[Site "Oberliga NRW 2015/2016"]
[Date "2016.02.14"]
[Round "6.7"]
[White "van Assendelft, Floris"]
[Black "Liard, Thibaud"]
[Result "1-0"]
[WhiteElo "2320"]
[BlackElo "2128"]
[PlyCount "129"]
[EventDate "2016.??.??"]
[WhiteTeam "Düsseldorfer SK 1"]
[BlackTeam "SG Porz 2"]

1. e4 c5 2. Nf3 d6 3. c3 Nf6 4. Be2 e6 5. O-O Be7 6. Re1 O-O 7. Bf1 Nc6 8. d4
d5 9. e5 Nd7 10. Nbd2 f6 11. exf6 Nxf6 12. Bd3 Qb6 13. h3 cxd4 14. cxd4 Nxd4
15. Nxd4 Qxd4 16. Nf3 Qb6 17. Be3 Bc5 18. Bxc5 Qxc5 19. Qe2 Bd7 20. Ne5 Rae8
21. Rac1 Qd6 22. Qe3 a6 23. Qd4 Bb5 24. Bb1 Nd7 25. Rc3 Nxe5 26. Rxe5 Rf7 27.
a4 Bd7 28. Rh5 h6 29. Rg3 e5 30. Qd3 e4 31. Qxd5 Qf4 32. Ba2 Be6 33. Qe5 Qc1+
34. Kh2 Qc6 35. Rxh6 Bxa2 36. Qh5 Qxh6 37. Qxh6 Bd5 38. Qh4 Bc6 39. Rg5 Bxa4
40. Rh5 Rfe7 41. Rh8+ Kf7 42. Qf4+ Kg6 43. Qg4+ Kf6 44. Qh4+ Kf7 45. Qh5+ Kf6
46. Rxe8 Bxe8 47. Qd5 Bc6 48. Qd6+ Kf7 49. g4 Rd7 50. Qe5 Rd3 51. h4 Rf3 52.
Kg1 Rd3 53. Qf5+ Kg8 54. Qe6+ Kh7 55. h5 Rd1+ 56. Kh2 Rd2 57. Kg3 Rd3+ 58. Kh4
Rf3 59. g5 Rf4+ 60. Kg3 Rf8 61. Qe7 Re8 62. Qf7 Rd8 63. g6+ Kh8 64. h6 Rg8 65.
hxg7+ 1-0

[Event "SG Porz 2 - Düsseldorfer SK 1"]
[Site "Oberliga NRW 2015/2016"]
[Date "2016.02.14"]
[Round "6.8"]
[White "Kremser, Michael"]
[Black "Herzum, Peter"]
[Result "0-1"]
[WhiteElo "2068"]
[BlackElo "2019"]
[PlyCount "94"]
[EventDate "2016.??.??"]
[WhiteTeam "SG Porz 2"]
[BlackTeam "Düsseldorfer SK 1"]

1. d4 Nf6 2. c4 c5 3. d5 b5 4. cxb5 a6 5. bxa6 Bxa6 6. Nc3 d6 7. e4 Bxf1 8.
Kxf1 g6 9. g3 Nbd7 10. Kg2 Bg7 11. Nf3 O-O 12. Qc2 Qa5 13. Bd2 Rfb8 14. Rhe1
Ng4 15. Rab1 Qa6 16. b3 Nde5 17. Nxe5 Nxe5 18. a4 c4 19. bxc4 Rc8 20. Rb4 Nxc4
21. Rc1 Qa5 22. Rb5 Qc7 23. Nd1 Qd7 24. Qxc4 Rxc4 25. Rxc4 h5 26. Bc3 Bxc3 27.
Nxc3 Rc8 28. Rbb4 h4 29. Nb5 h3+ 30. Kf3 Kg7 31. Nd4 Rxc4 32. Rxc4 Qb7 33. Nb5
Kf6 34. Kg4 Qd7+ 35. Kf3 Kg5 36. Ke3 Qb7 37. f4+ Kf6 38. Kf3 Qb6 39. Rd4 Qc5
40. Kg4 Qc8+ 41. Kf3 Qc2 42. Kg4 Qxh2 43. Nc7 Kg7 44. e5 Qg1 45. exd6 exd6 46.
Rb4 h2 47. Ne8+ Kh6 0-1

[Event "SK Münster 1 - SV Letmathe 1"]
[Site "Oberliga NRW 2015/2016"]
[Date "2016.02.14"]
[Round "6.1"]
[White "Podzielny, Karl-Heinz"]
[Black "Muschik, Benedikt"]
[Result "1/2-1/2"]
[WhiteElo "2330"]
[BlackElo "2283"]
[PlyCount "85"]
[EventDate "2016.??.??"]
[WhiteTeam "SV Letmathe 1"]
[BlackTeam "SK Münster 1"]

1. d4 g6 2. Nf3 Bg7 3. c4 d6 4. Nc3 Bg4 5. h3 Bxf3 6. gxf3 Nc6 7. d5 Nd4 8. h4
h5 9. Bh3 Nh6 10. Bg5 c6 11. e3 Ndf5 12. Ne2 Qa5+ 13. Kf1 c5 14. Qb3 Rb8 15. a4
a6 16. Ra2 Qd2 17. a5 O-O 18. Nf4 Be5 19. Qd3 Qxd3+ 20. Nxd3 Kh7 21. e4 f6 22.
Bc1 Ng7 23. Ke2 Bd4 24. Rg1 f5 25. Bg5 Ng8 26. Rb1 e6 27. dxe6 Nxe6 28. exf5
gxf5 29. Kf1 Nxg5 30. hxg5 f4 31. Re1 Kg6 32. Re6+ Kxg5 33. Rxd6 Nf6 34. b4 Kh4
35. Kg2 Ne8 36. Rd5 Nf6 37. Rf5 Ng4 38. Rxf8 Rxf8 39. bxc5 Ne5 40. Nxe5 Bxe5
41. Be6 Bd4 42. Bd5 Bxc5 43. Bxb7 1/2-1/2

[Event "SK Münster 1 - SV Letmathe 1"]
[Site "Oberliga NRW 2015/2016"]
[Date "2016.02.14"]
[Round "6.2"]
[White "Wolter, Kai"]
[Black "Adamski, Jan"]
[Result "1/2-1/2"]
[WhiteElo "2249"]
[BlackElo "2267"]
[PlyCount "30"]
[EventDate "2016.??.??"]
[WhiteTeam "SK Münster 1"]
[BlackTeam "SV Letmathe 1"]

1. e4 c5 2. Nf3 a6 3. c3 g6 4. d4 cxd4 5. Qxd4 Nf6 6. e5 Nc6 7. Qh4 Nh5 8. g4
Ng7 9. Bg2 h5 10. h3 Ne6 11. O-O Bg7 12. Qg3 hxg4 13. hxg4 b5 14. Re1 Bb7 15.
Nbd2 Qc7 1/2-1/2

[Event "SK Münster 1 - SV Letmathe 1"]
[Site "Oberliga NRW 2015/2016"]
[Date "2016.02.14"]
[Round "6.3"]
[White "Schleining, Zoya"]
[Black "Chilla, Jan Eric"]
[Result "1-0"]
[WhiteElo "2286"]
[BlackElo "2224"]
[PlyCount "59"]
[EventDate "2016.??.??"]
[WhiteTeam "SV Letmathe 1"]
[BlackTeam "SK Münster 1"]

1. Nf3 Nf6 2. g3 d5 3. Bg2 c6 4. O-O Bg4 5. d4 Nbd7 6. Nbd2 e6 7. Re1 Bd6 8. e4
dxe4 9. Nxe4 Nxe4 10. Rxe4 Nf6 11. Bg5 Bf5 12. Re3 h6 13. Bxf6 Qxf6 14. Ne5 Rd8
15. Qe2 O-O 16. c3 Rfe8 17. b4 Bf8 18. Re1 Qe7 19. h4 Qc7 20. Nc4 b6 21. a4 a5
22. Ne5 axb4 23. Nxc6 bxc3 24. Nxd8 Rxd8 25. Rc1 Bb4 26. Be4 Rxd4 27. Bxf5 exf5
28. Re8+ Kh7 29. Qb5 f4 30. Qf5+ 1-0

[Event "SK Münster 1 - SV Letmathe 1"]
[Site "Oberliga NRW 2015/2016"]
[Date "2016.02.14"]
[Round "6.4"]
[White "Bolwerk, Peter"]
[Black "Soukup, Jiri"]
[Result "0-1"]
[WhiteElo "2170"]
[BlackElo "2308"]
[PlyCount "56"]
[EventDate "2016.??.??"]
[WhiteTeam "SK Münster 1"]
[BlackTeam "SV Letmathe 1"]

1. e4 c5 2. Nf3 e6 3. d4 cxd4 4. Nxd4 Nc6 5. Nc3 Bb4 6. Nde2 Nf6 7. a3 Ba5 8.
b4 Bb6 9. Ng3 h5 10. Na4 Bc7 11. Bd3 h4 12. Nf1 d5 13. Nd2 Be5 14. Rb1 Qc7 15.
h3 Nd4 16. O-O g5 17. c3 Nc6 18. c4 g4 19. Re1 Bd4 20. Bb2 Rg8 21. Bxd4 Nxd4
22. Re3 Qf4 23. exd5 gxh3 24. Rxh3 e5 25. Rh1 h3 26. Rh2 Qxd2 27. Qxd2 Nf3+ 28.
Kf1 Nxd2+ 0-1

[Event "SK Münster 1 - SV Letmathe 1"]
[Site "Oberliga NRW 2015/2016"]
[Date "2016.02.14"]
[Round "6.5"]
[White "Gruermann, Martin"]
[Black "Kamp, Christoph"]
[Result "1-0"]
[WhiteElo "2128"]
[BlackElo "2172"]
[PlyCount "103"]
[EventDate "2016.??.??"]
[WhiteTeam "SV Letmathe 1"]
[BlackTeam "SK Münster 1"]

1. e4 e6 2. Nc3 d5 3. d4 Bb4 4. e5 c5 5. Bd2 Ne7 6. Nb5 Bxd2+ 7. Qxd2 O-O 8. f4
Nd7 9. Nf3 f6 10. O-O-O Qb6 11. exf6 Nxf6 12. Nc3 cxd4 13. Nxd4 Nc6 14. Be2 Bd7
15. g4 Na5 16. g5 Ne8 17. Nb3 Nxb3+ 18. axb3 a5 19. Qd4 Qxd4 20. Rxd4 Nc7 21.
Bg4 Be8 22. Re1 Ra6 23. Re5 Bg6 24. h4 Rd6 25. h5 Bf5 26. Bxf5 Rxf5 27. Rxf5
exf5 28. Kd2 Kf7 29. Ke3 Ke6 30. Ne2 Kd7 31. Ra4 Re6+ 32. Kf3 Ra6 33. Nd4 g6
34. b4 Rb6 35. bxa5 Rxb2 36. h6 Na6 37. Ra3 Nc5 38. Ke3 Rb1 39. Nb3 Na6 40. Nd4
Nc5 41. Nb3 Na6 42. Ra1 Rxa1 43. Nxa1 Nb4 44. c3 Nc6 45. Nb3 Ke7 46. Kd3 Kd6
47. Nd4 Nxa5 48. Nxf5+ Ke6 49. Nh4 Kf7 50. Kd4 Nc6+ 51. Kxd5 Nd8 52. Nf3 1-0

[Event "SK Münster 1 - SV Letmathe 1"]
[Site "Oberliga NRW 2015/2016"]
[Date "2016.02.14"]
[Round "6.6"]
[White "Molinaroli, Martin"]
[Black "Haude, Ruediger"]
[Result "0-1"]
[WhiteElo "2247"]
[BlackElo "2035"]
[PlyCount "88"]
[EventDate "2016.??.??"]
[WhiteTeam "SK Münster 1"]
[BlackTeam "SV Letmathe 1"]

1. d4 d5 2. Nf3 Nf6 3. Bf4 e6 4. e3 Bd6 5. Nbd2 Bxf4 6. exf4 O-O 7. Bd3 c5 8.
c3 Qb6 9. Rb1 cxd4 10. Nxd4 Qd6 11. Qf3 Nc6 12. Nxc6 bxc6 13. O-O c5 14. Rfe1
Ba6 15. Re5 Bxd3 16. Qxd3 Rfd8 17. Qg3 Rab8 18. b3 a5 19. Rbe1 a4 20. c4 axb3
21. axb3 dxc4 22. Nxc4 Qd1 23. f3 Qd4+ 24. Qf2 Rxb3 25. Rxc5 Qxf4 26. Na5 Rbd3
27. Nc6 Rd2 28. Nxd8 Rxf2 29. Rc8 Rxg2+ 30. Kxg2 Qd2+ 31. Kh3 Qh6+ 32. Kg3 Qg5+
33. Kf2 Qh4+ 34. Kf1 h5 35. Nxf7+ Kxf7 36. Rc7+ Kg8 37. Re2 Nd5 38. Rc8+ Kf7
39. Ra8 Qd4 40. Rb8 Nf4 41. Rb7+ Kf6 42. Re4 Qd1+ 43. Kf2 Qd2+ 44. Kg3 g5 0-1

[Event "SK Münster 1 - SV Letmathe 1"]
[Site "Oberliga NRW 2015/2016"]
[Date "2016.02.14"]
[Round "6.7"]
[White "Pfleger, Sascha"]
[Black "Rott, Georg"]
[Result "0-1"]
[WhiteElo "1985"]
[BlackElo "2108"]
[PlyCount "70"]
[EventDate "2016.??.??"]
[WhiteTeam "SV Letmathe 1"]
[BlackTeam "SK Münster 1"]

1. c4 e5 2. Nc3 Bb4 3. Qc2 Nc6 4. Nf3 Nf6 5. a3 Bxc3 6. Qxc3 d6 7. d3 h6 8. e3
O-O 9. Be2 b6 10. Nd2 Bf5 11. O-O Qd7 12. b4 a5 13. Bb2 Bg4 14. f3 Bh5 15. Rfc1
Rfe8 16. Nf1 Bg6 17. Bd1 Nd8 18. Bb3 Ne6 19. Re1 c5 20. Rad1 axb4 21. axb4 b5
22. cxb5 Qxb5 23. Bxe6 Rxe6 24. bxc5 dxc5 25. e4 Nd7 26. Ba1 Qb4 27. Ne3 Ra3
28. Qxb4 cxb4 29. Nc4 Ra4 30. Bb2 f6 31. Ra1 Rea6 32. Rxa4 Rxa4 33. d4 exd4 34.
Bxd4 b3 35. Rc1 Bf7 0-1